[Event "POL-chT U20 2nd League"]
[Site "Szczyrk"]
[Date "2017.07.30"]
[Round "11.75"]
[White "Guzik, Michal"]
[Black "Szymoniak, Pawel"]
[Result "0-1"]
[WhiteElo "1254"]
[BlackElo "1080"]
[PlyCount "62"]
[EventDate "2017.07.22"]
[EventType "team-swiss"]
[EventRounds "11"]
[EventCountry "POL"]
[SourceTitle "EXT 2019"]
[Source "ChessBase"]
[SourceDate "2018.10.10"]
[SourceVersion "1"]
[SourceVersionDate "2018.10.10"]
[SourceQuality "1"]

1. e4 e5 2. Nf3 Nc6 3. Bc4 Nf6 4. Ng5 d5 5. exd5 Na5 6. Bb5+ Bd7 7. Bxd7+ Qxd7 8. d3 Qxd5 9. 0-0 0-0-0 10. Nc3 Qd7 11. Re1 Nc6 12. Be3 h6 13. Nf3 Bb4 14. a3 Bd6 15. b4 g5 16. b5 Ne7 17. a4 g4 18. Nh4 Bb4 19. Qd2 Ned5 20. Reb1 Bxc3 21. Qe2 Bxa1 22. Rxa1 Nxe3 23. Qxe3 Qd4 24. Qe1 Nd5 25. Qd1 Qb4 26. Nf5 Nc3 27. Qe1 Qb2 28. Rc1 Ne2+ 29. Kf1 Nxc1 30. Ne3 Nb3 31. cxb3 Rxd3 0-1

[Event "POL-chT U20 2nd League"]
[Site "Szczyrk"]
[Date "2017.07.28"]
[Round "9.81"]
[White "Uchman, Piotr"]
[Black "Guzik, Michal"]
[Result "1/2-1/2"]
[WhiteElo "1183"]
[BlackElo "1254"]
[PlyCount "79"]
[EventDate "2017.07.22"]
[EventType "team-swiss"]
[EventRounds "11"]
[EventCountry "POL"]
[SourceTitle "EXT 2019"]
[Source "ChessBase"]
[SourceDate "2018.10.10"]
[SourceVersion "1"]
[SourceVersionDate "2018.10.10"]
[SourceQuality "1"]

1. e4 d5 2. exd5 Qxd5 3. Nc3 Qd6 4. Nf3 Nf6 5. Bc4 a6 6. 0-0 e6 7. d4 b5 8. Bb3 Bb7 9. Re1 Be7 10. Bg5 0-0 11. Qd3 Nbd7 12. Ne2 Rad8 13. c3 c5 14. Bc2 c4 15. Qd1 h6 16. Bh4 Rfe8 17. Bg3 Qc6 18. Kh1 Nh7 19. Bb1 Ng5 20. Nf4 Nxf3 21. Be4 Qc8 22. Bxf3 Nf6 23. Bxb7 Qxb7 24. Ne2 Nd5 25. Ng1 Nf6 26. Nf3 Bd6 27. Ne5 Nd7 28. Nxf7 Kxf7 29. Bxd6 Nf6 30. Be5 Rg8 31. Qe2 Rde8 32. f3 Qd5 33. Qe3 Rh8 34. Qf2 Rhg8 35. Re3 Qc6 36. Rae1 Qd5 37. Qe2 Re7 38. Kg1 a5 39. Bg3 Nd7 40. Bh4 1/2-1/2

[Event "POL-chT U20 2nd League"]
[Site "Szczyrk"]
[Date "2017.07.24"]
[Round "3.69"]
[White "Sulima, Franciszek"]
[Black "Guzik, Michal"]
[Result "1-0"]
[WhiteElo "1281"]
[BlackElo "1254"]
[PlyCount "85"]
[EventDate "2017.07.22"]
[EventType "team-swiss"]
[EventRounds "11"]
[EventCountry "POL"]
[SourceTitle "EXT 2019"]
[Source "ChessBase"]
[SourceDate "2018.10.10"]
[SourceVersion "1"]
[SourceVersionDate "2018.10.10"]
[SourceQuality "1"]

1. e4 c5 2. g3 Nc6 3. Nc3 g6 4. Bg2 Bg7 5. d3 e6 6. Be3 d6 7. f4 Nge7 8. Nf3 0-0 9. 0-0 Nd4 10. Qd2 f5 11. e5 Nec6 12. exd6 Qxd6 13. Rab1 Bd7 14. Ne2 Rfe8 15. Bxd4 cxd4 16. Rfe1 Qc5 17. a3 e5 18. fxe5 Nxe5 19. Nxe5 Rxe5 20. Bxb7 Rae8 21. Ba6 Bc6 22. Bc4+ Bd5 23. Bxd5+ Qxd5 24. Nf4 Qf3 25. Rxe5 Rxe5 26. Re1 Re3 27. Qf2 Rxe1+ 28. Qxe1 Qe3+ 29. Qxe3 dxe3 30. b4 Bb2 31. a4 Bd4 32. Kf1 Kf7 33. Ke2 Kf6 34. Nd5+ Ke5 35. Nxe3 h6 36. c4 Bc3 37. b5 Bd4 38. Nf1 Bb6 39. Nd2 Kd4 40. Nf3+ Kc5 41. Ne5 g5 42. Nf7 f4 43. gxf4 1-0

[Event "POL-chT U19 2nd League"]
[Site "Iwonicz"]
[Date "2016.07.31"]
[Round "4.70"]
[White "Guzik, Michal"]
[Black "Piechota, Kamil"]
[Result "0-1"]
[WhiteElo "1299"]
[BlackElo "1337"]
[PlyCount "78"]
[EventDate "2016.07.23"]
[EventType "team-swiss"]
[EventRounds "11"]
[EventCountry "POL"]
[SourceTitle "EXT 2019"]
[Source "ChessBase"]
[SourceDate "2018.10.10"]
[SourceVersion "1"]
[SourceVersionDate "2018.10.10"]
[SourceQuality "1"]
[WhiteTeam "Krosno KKSz Urania U19"]
[BlackTeam "Rydultowy Ognisko U19 II"]
[WhiteTeamCountry "POL"]
[BlackTeamCountry "POL"]

1. e4 e5 2. Nf3 Nc6 3. Bb5 a6 4. Ba4 Nf6 5. Nc3 b5 6. Bb3 Be7 7. d3 d6 8. Be3 Na5 9. Bd5 c6 10. Bb3 Nxb3 11. cxb3 Bg4 12. h3 Bh5 13. Rc1 0-0 14. Nb1 c5 15. Nbd2 Rc8 16. 0-0 d5 17. g4 dxe4 18. dxe4 Bg6 19. Qc2 Qc7 20. b4 c4 21. a3 Rfd8 22. Rfd1 h6 23. Nh4 Bxe4 24. Nxe4 Nxe4 25. Qxe4 Bxh4 26. Qc2 Be7 27. a4 Bxb4 28. axb5 axb5 29. Rxd8+ Rxd8 30. Ra1 Bc5 31. Bd2 Qb6 32. Rf1 Qd6 33. Ba5 Bb6 34. Bxb6 Qxb6 35. Qc3 Qd4 36. Qb4 Qd5 37. Re1 Qd2 38. Qxd2 Rxd2 39. Rxe5 Rxb2 0-1